|
|
|
|
| LEADER |
02000nam a2200457 i 4500 |
| 001 |
EBC4570776 |
| 003 |
MiAaPQ |
| 005 |
20200520144314.0 |
| 006 |
m o d | |
| 007 |
cr cnu|||||||| |
| 008 |
160714t20162016be ob 001 0 fre d |
| 020 |
|
|
|z 9782802753575
|
| 020 |
|
|
|a 9782802755777
|q (electronic bk.)
|
| 035 |
|
|
|a (MiAaPQ)EBC4570776
|
| 035 |
|
|
|a (Au-PeEL)EBL4570776
|
| 035 |
|
|
|a (CaPaEBR)ebr11231661
|
| 035 |
|
|
|a (OCoLC)952933369
|
| 040 |
|
|
|a MiAaPQ
|b eng
|e rda
|e pn
|c MiAaPQ
|d MiAaPQ
|
| 043 |
|
|
|a e-fr---
|
| 050 |
|
4 |
|a KJV4722
|b .V354 2016
|
| 082 |
0 |
|
|a 346.44023
|2 23
|
| 100 |
1 |
|
|a Valette, Benjamin,
|e author.
|
| 245 |
1 |
0 |
|a Contrats de commande publique et activite accessoire /
|c Benjamin Valette ; preface de Florian Linditch ; Collection dirigee par Laurent Vidal.
|
| 264 |
|
1 |
|a Bruxelles, [Belgium] :
|b Bruylant,
|c 2016.
|
| 264 |
|
4 |
|c 2016
|
| 300 |
|
|
|a 1 online resource (416 pages).
|
| 336 |
|
|
|a text
|2 rdacontent
|
| 337 |
|
|
|a computer
|2 rdamedia
|
| 338 |
|
|
|a online resource
|2 rdacarrier
|
| 490 |
1 |
|
|a Droit & Economie
|
| 504 |
|
|
|a Includes bibliographical references and index.
|
| 588 |
|
|
|a Description based on online resource; title from PDF title page (ebrary, viewed July 7, 2016).
|
| 590 |
|
|
|a Electronic reproduction. Ann Arbor, MI : ProQuest, 2016. Available via World Wide Web. Access may be limited to ProQuest affiliated libraries.
|
| 650 |
|
0 |
|a Public contracts
|z France.
|
| 655 |
|
4 |
|a Electronic books.
|
| 700 |
1 |
|
|a Linditch, Florian,
|e writer of preface.
|
| 700 |
1 |
|
|a Vidal, Laurent,
|d 1961-
|e contributor.
|
| 776 |
0 |
8 |
|i Print version:
|a Valette, Benjamin.
|t Contrats de commande publique et activite accessoire.
|d Bruxelles, [Belgium] : Bruylant, c2016
|h approximately 416 pages
|k Collection Droit & economie (Brussels, Belgium)
|z 9782802753575
|
| 797 |
2 |
|
|a ProQuest (Firm)
|
| 830 |
|
0 |
|a Collection Droit & economie (Brussels, Belgium)
|
| 856 |
4 |
0 |
|u https://ebookcentral.proquest.com/lib/matrademy/detail.action?docID=4570776
|z Click to View
|